Central Library OPAC University of Rajshahi

The analysis and design of linear circuits / (Record no. 66705)

MARC details
000 -LEADER
fixed length control field 01053cam a22002894a 4500
001 - CONTROL NUMBER
control field 66705
003 - CONTROL NUMBER IDENTIFIER
rucl marc code BD-RjUL
005 - DATE AND TIME OF LATEST TRANSACTION
control field 20211209081553.0
008 - FIXED-LENGTH DATA ELEMENTS--GENERAL INFORMATION
fixed length control field 170319s2001 nyua b 001 0 eng
020 ## - INTERNATIONAL STANDARD BOOK NUMBER
International Standard Book Number 0471386790 (cl. : acidfree paper)
035 ## - SYSTEM CONTROL NUMBER
System control number (BD-RjUL)66836
040 ## - CATALOGING SOURCE
Original cataloging agency DLC
Transcribing agency DLC
Modifying agency BD-RjUL
Language of cataloging eng
041 ## - LANGUAGE CODE
Language code of text/sound track or separate title eng
082 00 - DEWEY DECIMAL CLASSIFICATION NUMBER
Classification number 621.3192
Edition number 23
Author mark and year THA 2001
100 1# - MAIN ENTRY--PERSONAL NAME
Personal name Thomas, Roland E.,
Dates associated with a name 1930-
9 (RLIN) 197465
245 14 - TITLE STATEMENT
Title The analysis and design of linear circuits /
Statement of responsibility, etc. Roland E. Thomas, Albert J. Rosa.
250 ## - EDITION STATEMENT
Edition statement 3rd ed.
260 ## - PUBLICATION, DISTRIBUTION, ETC. (IMPRINT)
Place of publication, distribution, etc. New York :
Name of publisher, distributor, etc. Wiley,
Date of publication, distribution, etc. c2001.
300 ## - PHYSICAL DESCRIPTION
Pagination 832 :
Illustrations ill. ;
Size 27 cm.
504 ## - BIBLIOGRAPHY, ETC. NOTE
Bibliography, etc Includes bibliographical references and index.
650 #0 - SUBJECT ADDED ENTRY--TOPICAL TERM
Topical term or geographic name as entry element Electric circuit analysis.
9 (RLIN) 197466
Topical term or geographic name as entry element Electric circuits, Linear
General subdivision Design and construction.
9 (RLIN) 197467
700 1# - ADDED ENTRY--PERSONAL NAME
Personal name Rosa, Albert J.,
Dates associated with a name 1942-
856 42 - ELECTRONIC LOCATION AND ACCESS
Materials specified Publisher description
Uniform Resource Identifier <a href="http://www.loc.gov/catdir/description/wiley035/00023753.html">http://www.loc.gov/catdir/description/wiley035/00023753.html</a>
Materials specified Table of Contents
Uniform Resource Identifier <a href="http://www.loc.gov/catdir/toc/onix06/00023753.html">http://www.loc.gov/catdir/toc/onix06/00023753.html</a>
942 ## - ADDED ENTRY ELEMENTS (KOHA)
Source of classification or shelving scheme Dewey Decimal Classification
Koha item type Books
Holdings
Lost status Source of classification or shelving scheme Damaged status Not for loan Collection code Permanent Location Current Location Shelving location Date acquired Source of acquisition Cost, normal purchase price Total Checkouts Full call number Date last seen Copy number Koha item type
  Dewey Decimal Classification   Not For Loan Non-fiction Central Library, University of Rajshahi Central Library, University of Rajshahi Reading Room 06/08/2007 Dhaka,Paragon Enterprise 126.40   621.3192 THA 2001 19/03/2017 C-1 Books
  Dewey Decimal Classification     Non-fiction Central Library, University of Rajshahi Central Library, University of Rajshahi   06/08/2007 Dhaka, Paragon Enterprises Ltd. 126.40   621.3192 THA 2001 30/05/2017 C-2 Books